Informe Kissinger

Сохранить в:
Библиографические подробности
Соавтор: Comisión Nacional Bipartidista sobre Centroamérica
Формат: Текст
Опубликовано: s.l: s.e.
Метки: Добавить метку
Нет меток, Требуется 1-ая метка записи!

MARC

LEADER 00000 a a2200000 04500
001 24521
003
040
090 |a 176100  
110 |a Comisión Nacional Bipartidista sobre Centroamérica  
245 |a Informe Kissinger  
260 |a s.l:   |b s.e.  
300 |a 280 p  
999 |c 12726  |d 12726